| 000 | 00345cam a22001217a 4500 | ||
|---|---|---|---|
| 008 | 180718b xxu||||| |||| 00| 0 eng d | ||
| 082 | _aH R A32H1M B469 | ||
| 100 | _aShukla, Ramsanker | ||
| 245 |
_aBhasha shabd kosh _cedited by Ramsanker Shukla |
||
| 260 |
_aIlahabad _bRamnarayanlal BenePrashad _c |
||
| 300 | _a1991p. | ||
| 650 | _aLanguage-dictonary | ||
| 999 |
_c440729 _d440729 |
||